000
00309nam a22001337a 4500
008
170929b xxu||||| |||| 00| 0 eng d
020
_a
9781564990273
041
_a
eng
080
_a
37
100
_a
47
101
_a
EDU
245
_a
TEACHING THE SKILLS OF CONFLICT RESOLUTION
_c
COWAN, D
942
_2
udc
_c
BK
999
_c
30700
_d
30700